00442nam a2200145Ia 4500082001600000100001600016100002400032100003800056245003400094260002700128300000800155700004400163700004300207700004600250 aR/5BS(CS)09 aRavi Kumar  aRoll No. 09BS(CS)42 aSupervisor - Ms. Mehwish Leghari  0aQUEST Fees Management System. aNawabshahbQUESTc2013 a47p aSyed Naz Ali Shah (Roll No. 09BS(CS)36) aZaid Ahmed Dahri (Roll No. 09BS(CS)17) aMuhammad Salahuddin (Roll No. 09BS(CS)16)